| 000 | 00983cam a2200301Ia 4500 | ||
|---|---|---|---|
| 999 |
_c3644 _d3644 |
||
| 001 | ocn826438379 | ||
| 003 | OCoLC | ||
| 005 | 20171009113542.0 | ||
| 008 | 130202s2001 le bd 001 0 ara d | ||
| 020 | _a274511445X | ||
| 020 | _a9782745114457 | ||
| 035 | _a(OCoLC)826438379 | ||
| 040 |
_aEXG _beng _cEXG _dOCLCF _dOCLCQ |
||
| 049 | _aTZAA | ||
| 050 | 4 |
_aPJ6142.2 _b.Y37 |
|
| 100 | 1 | _aYaʻqūb, Imīl. | |
| 245 | 1 | 3 |
_aAl-Muʻjam al-mufaṣṣal fī al-mudhakkar wa-al-muʼannath / _c iʻdād Imīl Badīʻ Yaʻqūb. |
| 250 | _aal-Ṭabʻah 2. | ||
| 260 |
_aBayrūt, Lubnān : _bDār al-Kutub al-ʻIlmīyah, _c2001. |
||
| 300 |
_a560 pages ; _c25 cm. |
||
| 490 | 1 | _aal-Khizānah al-lughawīyah | |
| 504 | _aIncludes bibliographical references (pages 500-515) and indexes. | ||
| 650 | 0 |
_aArabic language _xGender _vDictionaries. |
|
| 650 | 7 |
_aArabic language _xGender. _2fast |
|
| 655 | 7 |
_aDictionaries. _2fast |
|
| 830 | 0 | _aKhizānah al-lughawīyah. | |
| 942 |
_2lcc _cBOOK |
||